000 00667nam a2200229Ia 4500
003 GCL
005 20240530103939.0
008 140319s9999 xx 000 0 ara d
040 _aGCL /
_cGCL
082 0 4 _a370.1
_bا ا
100 1 _aاحمد الفنيش
245 1 0 _aاصول التربية /
_cاحمد الفنيش
250 _aط1
300 _a298 ص ؛
_c24 سم
490 _aمنشورات الجامعة المفتوحة
_v0
650 0 4 _aالتربية
650 0 4 _aالتربية والتعليم
650 0 4 _aالمجنمع
653 _aالمؤسسات التربوية
653 _aالفلسفة والتربية
942 _2ddc
_cBK
999 _c43648
_d43648